000
00298nam a22001217a 4500
005
20250901165809.0
008
250320b |||||||| |||| 00| 0 eng d
020
_6
9780198077145
050
_a
PL 4659 .S26 2012
245
_a
SAMSKARA
_b
A RITE FOR A DEAD MAN
250
_6
SECOND EDITION
942
_2
lcc
999
_c
9362
_d
9362